| 000 | 00584nam a22002177a 4500 | ||
|---|---|---|---|
| 003 | OSt | ||
| 005 | 20140310183027.0 | ||
| 008 | 130216t xxu||||| |||| 00| 0 eng d | ||
| 020 | _a9789715849746 | ||
| 050 |
_aTX 911.3.S3 _b.An36 2010 |
||
| 100 | _aAng, Mary Jean C. | ||
| 245 |
_aLaboratory manual in food safety and sanitation / _c Mara Jean C. Ang and Hannah A. Balanon. |
||
| 260 |
_aQuezon City ; _bC & E pub., _c2010. |
||
| 300 |
_a76 p. ; _c26 cm. |
||
| 521 | _aTOU | ||
| 562 | _e3 | ||
| 942 |
_2lcc _cBK _kLOC |
||
| 999 |
_c18411 _d18411 |
||